GP Kanady F1 - zwycięzcy - Statystyki

Ogólne statystyki
  • Ten quiz został rozwiązany 25 razy
  • Średni wynik to 38 z 53
Statystyki odpowiedzi
Rok Narodowość Zespół Odpowiedź % Poprawnych
1988 Brazylia Mclaren Ayrton Senna
100%
1990 Brazylia Mclaren Ayrton Senna
100%
2014 Australia Red Bull Daniel Ricciardo
100%
2006 Hiszpania Renault Fernando Alonso
100%
2007 Wielka Brytania Mclaren Lewis Hamilton
100%
2010 Wielka Brytania Mclaren Lewis Hamilton
100%
2012 Wielka Brytania Mclaren Lewis Hamilton
100%
2015 Wielka Brytania Mercedes Lewis Hamilton
100%
2016 Wielka Brytania Mercedes Lewis Hamilton
100%
2017 Wielka Brytania Mercedes Lewis Hamilton
100%
2019 Wielka Brytania Mercedes Lewis Hamilton
100%
2022 Holandia Red Bull Max Verstappen
100%
2023 Holandia Red Bull Max Verstappen
100%
2024 Holandia Red Bull Max Verstappen
100%
1994 Niemcy Benetton Michael Schumacher
100%
1997 Niemcy Ferrari Michael Schumacher
100%
1998 Niemcy Ferrari Michael Schumacher
100%
2000 Niemcy Ferrari Michael Schumacher
100%
2002 Niemcy Ferrari Michael Schumacher
100%
2003 Niemcy Ferrari Michael Schumacher
100%
2004 Niemcy Ferrari Michael Schumacher
100%
2001 Niemcy Williams Ralf Schumacher
100%
2008 Polska BMW Sauber Robert Kubica
100%
2013 Niemcy Red Bull Sebastian Vettel
100%
2018 Niemcy Ferrari Sebastian Vettel
100%
1993 Francja Williams Alain Prost
94%
2011 Wielka Brytania Mclaren Jenson Button
88%
2005 Finlandia Mclaren Kimi Raikkonen
88%
1999 Finlandia Mclaren Mika Hakkinen
88%
1982 Brazylia Brabham Nelson Piquet
81%
1984 Brazylia Brabham Nelson Piquet
81%
1991 Brazylia Benetton Nelson Piquet
81%
1996 Wielka Brytania Williams Damon Hill
75%
1967 Australia Brabham Jack Brabham
63%
1971 Wielka Brytania Tyrrell Jackie Stewart
56%
1972 Wielka Brytania Tyrrell Jackie Stewart
56%
1986 Wielka Brytania Williams Nigel Mansell
56%
1974 Brazylia Mclaren Emerson Fittipaldi
50%
1978 Kanada Ferrari Gilles Villeneuve
50%
1992 Austria Mclaren Gerhard Berger
44%
1995 Francja Ferrari Jean Alesi
44%
1976 Wielka Brytania Mclaren James Hunt
38%
1977 RPA Wolf Jody Scheckter
38%
1979 Australia Williams Alan Jones
25%
1980 Australia Williams Alan Jones
25%
1968 Nowa Zelandia Mclaren Denny Hulme
25%
1969 Niemcy Brabham Jacky Ickx
25%
1970 Niemcy Ferrari Jacky Ickx
25%
1985 Włochy Ferrari Michele Alboreto
13%
1981 Francja Ligier Jacques Laffite
6%
1973 USA Mclaren Peter Revson
6%
1983 Francja Ferrari Rene Arnoux
6%
1989 Belgia Williams Thierry Boutsen
6%
Nie znaleziono quizów pasujących do podanych kryteriów
Rozkład punktacji
Procent ludzi z każdym wynikiem
Percentyl według liczby udzielonych odpowiedzi
Twoja historia wyników
Nie rozwiązałeś tego quizu